UEFA Champions League Winners - Statistics

General Stats
  • This quiz has been taken 27 times
  • The average score is 63 of 70
Answer Stats
Year Winner % Correct
1991-2 Barcelona
100%
2005-6 Barcelona
100%
2008-9 Barcelona
100%
2010-1 Barcelona
100%
2014-5 Barcelona
100%
2022-3 Manchester City
100%
1967-8 Manchester United
100%
1998-9 Manchester United
100%
2007-8 Manchester United
100%
1955-6 Real Madrid
100%
1956-7 Real Madrid
100%
1957-8 Real Madrid
100%
1958-9 Real Madrid
100%
1959-60 Real Madrid
100%
1965-6 Real Madrid
100%
1997-8 Real Madrid
100%
1999-2000 Real Madrid
100%
2001-2 Real Madrid
100%
2013-4 Real Madrid
100%
2015-6 Real Madrid
100%
2016-7 Real Madrid
100%
2017-8 Real Madrid
100%
2021-2 Real Madrid
100%
2023-4 Real Madrid
100%
1973-4 Bayern Munich
96%
1974-5 Bayern Munich
96%
1975-6 Bayern Munich
96%
2000-1 Bayern Munich
96%
2012-3 Bayern Munich
96%
2019-20 Bayern Munich
96%
2011-2 Chelsea
96%
2020-1 Chelsea
96%
2024-5 Paris Saint-Germain
96%
1996-7 Borussia Dortmund
92%
1976-7 Liverpool
92%
1977-8 Liverpool
92%
1980-1 Liverpool
92%
1983-4 Liverpool
92%
2004-5 Liverpool
92%
2018-9 Liverpool
92%
1986-7 Porto
92%
2003-4 Porto
92%
1962-3 AC Milan
88%
1968-9 AC Milan
88%
1988-9 AC Milan
88%
1989-90 AC Milan
88%
1960-1 Benfica
88%
1961-2 Benfica
88%
1963-4 Inter Milan
88%
1964-5 Inter Milan
88%
2009-10 Inter Milan
88%
1978-9 Nottingham Forest
88%
1979-80 Nottingham Forest
88%
1970-1 Ajax
84%
1971-2 Ajax
84%
1972-3 Ajax
84%
1994-5 Ajax
84%
1984-5 Juventus
84%
1995-6 Juventus
84%
1992-3 Marseille
80%
1981-2 Aston Villa
76%
1969-70 Feyenoord
76%
1987-8 PSV Eindhoven
72%
1966-7 Celtic
68%
1982-3 Hamburg
68%
1993-4 Milan
64%
2002-3 Milan
64%
2006-7 Milan
64%
1990-1 Red Star Belgrade
52%
1985-6 Steaua București
24%
No matching quizzes found
Score Distribution
Percent of People with Each Score
Percentile by Number Answered
Your Score History
You have not taken this quiz